000 00299nam a22001337a 4500
008 170714b xxu||||| |||| 00| 0 eng d
020 _a9780151007202
041 _aeng
080 _a1(091)
100 _a23
101 _aFIL
245 _aARISTOTLES CHILDREN
_cRUBENSTEIN.R.E
942 _2udc
_cBK
999 _c20744
_d20744